000 00656nam a2200205 i 4500
001 133588
003 ES-MaACL
005 20250822062552.0
007 t|
008 070821s1965 sp ||||1| spa d
100 1 _aWolman, Benjamin B.
_9117289
245 1 0 _aTeorías y sistemas contemporáneos en psicología /
_cBenjamin B. Wolman ; traducción directa del inglés por José Toro Trallero.
250 _a[1ª ed.].
260 _aBarcelona :
_bGrijalvo,
_c1965.
300 _aXIII, 712 p. ;
_c24 cm.
650 1 7 _aPsicología
_2embne
_916540
700 1 _aToro, Josep.
_9110681
852 _aES-MaACL
_jC-26725
_bR.55882
999 _c133588
_d133588